书目信息 |
| 题名: |
范文创作谈
|
|
| 作者: | 张昌华 , 许靖江 编 | |
| 分册: | 初中二年级分册 | |
| 出版信息: | 北京 中国文联出版公司 1984 |
|
| 页数: | 108页 | |
| 开本: | 19cm | |
| 丛书名: | ||
| 单 册: | ||
| 中图分类: | H193.6 | |
| 科图分类: | ||
| 主题词: | 汉语--写作--语言教学 | |
| 电子资源: | ||
| ISBN: | ||
| 000 | 00794nam0 2200253 45 | |
| 001 | 0184005389 | |
| 005 | 20050413114014.7 | |
| 010 | @dCNY0.41 | |
| 091 | @a10355.184 | |
| 100 | @a19950602d1984 demy0chiy0121 ea | |
| 101 | 0 | @achi |
| 102 | @aCN@b110000 | |
| 105 | @ay z 000yy | |
| 200 | 10 | @a范文创作谈@Afan wen chuang zuo tan@e课文作者谈创作@EKe Wen Zuo Zhe TanChuang Zuo@h初中二年级分册@f张昌华,许靖江编@FZhang Chang Hua,Xu Jing Jiang Bian |
| 210 | @a北京@c中国文联出版公司@d1984 | |
| 215 | @a108页@d19cm | |
| 517 | @a课文作者谈创作@AKe Wen Zuo Zhe Tan Chuang Zuo | |
| 606 | 0 | @a汉语@x写作@x语言教学 |
| 690 | @aH193.6@v3 | |
| 701 | 0 | @a张昌华@4编 |
| 701 | 0 | @a许靖江@4编 |
| 801 | 0 | @aCN@b上海图书馆@c20040426 |
| 801 | 2 | @aCN@bNLC@c20040426 |
| 905 | @dH193.6@e114:2@f1@b210076 | |
| 范文创作谈:课文作者谈创作.初中二年级分册/张昌华,许靖江编.-北京:中国文联出版公司,1984 |
| 108页;19cm |
| ISBN :CNY0.41 |
| ● |
| 相关链接 |
|
|
|
|
正题名:范文创作谈
索取号:H193.6/114:2
 
预约/预借
| 序号 | 登录号 | 条形码 | 馆藏地/架位号 | 状态 | 备注 |
| 1 | 0210075 | 000841110 | 第四借阅区/ [索取号:H193.6/114:2] | 在馆 | |
| 2 | 0210076 | 002004066 | 密集书库/ [索取号:H193.6/114:2] | 在馆 | |
| 3 | 0210077 | 000841156 | 第二样本阅览室/ [索取号:H193.6/114:2] | 在馆 |